000 00290nam a2200121 a 4500
008 100910s1971|||| d
245 1 0 _aNámorník z Gibraltáru
020 _c25
044 _axo
_cSK
041 _aslo
100 1 _aDurasová, Marguerite
260 _bSmena
_aBratislava
_c1971
999 _c10274
_d10274